00524nam a2200145 a 450000500170000000800410001702000180005805000230007624500750009926000350017452000910020965000320030065000250033265000210035720140412111408.0061207s19uu xx 00 eng d a0-439-87483-1 aTR(PS EbMO74 2006 aMonster count :bare there 5,8,or 10?Don't be scared and count again!. aNew York :bScholastic,c2006. aCount the monsters and the wobbly eyes, which magically disapper as you turn each page aNumbers-Juvenile literature aToy and movable book aChildren stories